000 00791nam a22002531c 4500
001 a987692503
008 190705s2015 gw |||| 000u eng d
020 _a9781442253179
_9978-1-4422-5317-9
041 _aeng
100 1 _aPringle, Robert W.
245 0 0 _aHistorical dictionary of Russian and Soviet intelligence /
_cRobert W. Pringle
250 _aSecond edition
264 _aLanham ; Boulder ; New York ; London :
_bRowman & Littlefield,
_c2015
300 _axxv, 421 Seiten
610 0 _aSowjetunion. Komitet Gosudarstvennoj Bezopasnosti
610 0 _aSowjetunion. Glavnoe Razvedyvatel'noe Upravlenie
650 0 _aSpionageabwehr
650 0 _aGeheimdienst
650 0 _aSpionage
651 0 _aSowjetunion
942 _cMG
040 _cRU-10907106
003 RU-10907106
999 _c28862
_d28862